00799nam a22002057a 450000500170000001000150001702000270003203500130005903700130007208200080008524501640009326000420025727000550029930000340035450000190038870000240040794200220043199900170045395201230047020130508112120.0 aENG-106997 a9788170006534c2050.00 aEN-90530 bDBAD/PUB a020 aRanganathanism & knowledge society :brelevance of Dr. S.R. Ranganathan in the present day knowledge society and other essays / /cedited by N.R. Satyanarayana aNew DelhibESS ESS Publicationsc2011 a4837/24, Ansari Road, DaryaganjbNew Delhie110002 axviii, 714p.:bill.c23cm(Hb) aIncludes index aSatyanarayana, N.R. 2ddccENh020mRAN c75172d75172 001040718NFICaDBADbDBADd2013-05-07eDBAD/PUBg2050.00l0o020 RANpEN-90530r2013-05-07 00:00:00t1v2050.00yEN